00896cam a2200241 a 450000100090000000300040000900500170001300800410003001000170007102000180008804000180010604300120012405000260013608200180016210000300018024501280021026000420033830000410038050400620042160000630048365000690054665000390061516017091OSt20170124113127.0091211s2010 nyua b6 001 0beng  a 2009052197 a9780810977648 aDLCcDLCdDLC an-us---00aNC1429.R635bC68 201000a741.5/9732221 aCouch, N. C. Christopher.10aJerry Robinson :bambassador of comics /cN.C. Christopher Couch ; introduction by Pete Hamill ; foreword by Dennis O'Neil. aNew York :bAbrams ComicArts,cc2010. a223 p. :bill. (some col.) ;c29 cm. aIncludes bibliographical references (p. [221]) and index.10aRobinson, Jerry,d1922-2011xCriticism and interpretation. 0aComic books, strips, etc.zUnited StatesxHistory and criticism. 0aArtistszUnited StatesvBiography.